Equidad de género en la promoción laboral : (Registro nro. 6555)
[ vista simple ]
| 000 -LEADER | |
|---|---|
| fixed length control field | 01269nab a22002777a 4500 |
| 003 - CONTROL NUMBER IDENTIFIER | |
| control field | OSt |
| 005 - DATE AND TIME OF LATEST TRANSACTION | |
| control field | 20260224112850.0 |
| 008 - FIXED-LENGTH DATA ELEMENTS--GENERAL INFORMATION | |
| fixed length control field | 190506c xxu||||| |||| 00| 0 spa d |
| 040 ## - CATALOGING SOURCE | |
| Transcribing agency | PJ |
| 100 ## - MAIN ENTRY--PERSONAL NAME | |
| 9 (RLIN) | 5725 |
| Personal name | Funes, María Emilia |
| 245 10 - TITLE STATEMENT | |
| Title | Equidad de género en la promoción laboral : |
| Remainder of title | igualdad ante la ley, mejor aún igualdad de oportunidades / |
| Statement of responsibility, etc | María Emilia Funes. |
| 260 ## - PUBLICATION, DISTRIBUTION, ETC. (IMPRINT) | |
| Place of publication, distribution, etc | Buenos Aires : |
| Name of publisher, distributor, etc | AbeledoPerrot, |
| Date of publication, distribution, etc | 2024. |
| 300 ## - PHYSICAL DESCRIPTION | |
| Extent | p. 3-7 |
| 500 ## - GENERAL NOTE | |
| General note | Cita: TR LALEY AR/DOC/1676/2024. |
| 505 ## - FORMATTED CONTENTS NOTE | |
| Formatted contents note | Sumario: I. ¿De qué hablamos?— II. Protección legal.— III. La realidad.— IV. Jurisprudencia.— V. Reforma del Título VII de la LCT.— VI. Conclusiones.— VII. Fuentes. |
| 505 ## - FORMATTED CONTENTS NOTE | |
| Title | ¿Te interesa el texto completo? Comunicate al correo: koha@justierradelfuego.gov.ar |
| 650 #0 - SUBJECT ADDED ENTRY--TOPICAL TERM | |
| 9 (RLIN) | 1316 |
| Topical term or geographic name as entry element | DERECHO LABORAL |
| 650 #0 - SUBJECT ADDED ENTRY--TOPICAL TERM | |
| 9 (RLIN) | 4044 |
| Topical term or geographic name as entry element | PERSPECTIVA DE GÉNERO |
| 650 #0 - SUBJECT ADDED ENTRY--TOPICAL TERM | |
| 9 (RLIN) | 1487 |
| Topical term or geographic name as entry element | TRABAJO DE MUJERES |
| 650 #0 - SUBJECT ADDED ENTRY--TOPICAL TERM | |
| 9 (RLIN) | 4925 |
| Topical term or geographic name as entry element | ORGANIZACION INTERNACIONAL DEL TRABAJO |
| 650 #0 - SUBJECT ADDED ENTRY--TOPICAL TERM | |
| 9 (RLIN) | 5189 |
| Topical term or geographic name as entry element | IGUALDAD DE OPORTUNIDADES |
| 650 #0 - SUBJECT ADDED ENTRY--TOPICAL TERM | |
| 9 (RLIN) | 1406 |
| Topical term or geographic name as entry element | INCAPACIDAD LABORAL |
| 650 #0 - SUBJECT ADDED ENTRY--TOPICAL TERM | |
| 9 (RLIN) | 1482 |
| Topical term or geographic name as entry element | LEY SOBRE RIESGOS DEL TRABAJO |
| 773 0# - HOST ITEM ENTRY | |
| Host Biblionumber | 2751 |
| Host Itemnumber | 3202 |
| Place, publisher, and date of publication | Buenos Aires : AbeledoPerrot, 2013- |
| Title | Revista de derecho laboral y seguridad social. Nº 15 - Agosto 2024 |
| 942 ## - ADDED ENTRY ELEMENTS (KOHA) | |
| Source of classification or shelving scheme | |
| Koha item type | Analítica Artículo de Revista |
No hay ítems disponibles.
